Statistics for Still - Niall Horan (Lyrics)

Click here to take the quiz!

General Stats

  • This quiz has been taken 6 times
  • The average score is 260 of 297

Answer Stats

% Correct
A
100%
a
100%
and
100%
And
100%
be
100%
go
100%
honest
100%
honesty
100%
I
100%
If
100%
I'll
100%
I'm
100%
in
100%
is
100%
it
100%
just
100%
love
100%
me
100%
means
100%
see
100%
[Chorus]So
100%
stars
100%
still
100%
[Chorus]Tell
100%
tell
100%
telling
100%
The
100%
the
100%
to
100%
truth
100%
up
100%
us
100%
we
100%
We
100%
we'll
100%
Well
100%
with
100%
you
100%
about
80%
away
80%
back
80%
basics
80%
Breaking
80%
But
80%
'Cause
80%
could
80%
day
80%
don't
80%
for
80%
Forget
80%
from
80%
hate
80%
have
80%
here
80%
it's
80%
killing
80%
know
80%
like
80%
make
80%
miles
80%
[Verse 1]My
80%
night
80%
on
80%
somehow
80%
standing
80%
started
80%
that
80%
Then
80%
this
80%
thousand
80%
trying
80%
want
80%
what's
80%
why
80%
alright
60%
at
60%
come
60%
complicated
60%
[Verse 2]Did
60%
Find
60%
find
60%
gone
60%
hard
60%
lately
60%
Let's
60%
mind
60%
miscalculate
60%
nights
60%
of
60%
[Bridge]Oh
60%
our
60%
Overreacting
60%
rearrange
60%
say
60%
shine
60%
shooting
60%
should
60%
sorry
60%
them
60%
war
60%
way
60%
won't
60%
focus
40%
gold
40%
guess
40%
it'll
40%
lost
40%

Score Distribution

Percentile by Number Answered

Percent of People with Each Score

Your Score History

You have not taken this quiz